|
|
|
|
| LEADER |
01314nam a2200241 a 4500 |
| 001 |
GR-Patra16295 |
| 008 |
031007s1989 gr e 000 0 gre d |
| 040 |
|
|
|a GrPaTEI
|b gre
|c GR-PaULI
|
| 040 |
|
|
|a GrPaTEI
|b gre
|c GR-PaULI
|
| 082 |
|
0 |
|a 346.07026
|2 21
|
| 100 |
1 |
|
|a Σουφλερός, Ηλίας
|
| 245 |
1 |
3 |
|a Οι συμβάσεις franchising στο ελληνικό δίκαιο και στο κοινοτικό δίκαιο ανταγωνισμού =
|b Franchisevertrage im griechischen recht und im europaischen wettbewerbsrecht /
|c Ηλίας Σουφλερός.
|
| 260 |
|
|
|a Αθήνα :
|b Εκδόσεις Αντ. Ν. Σάκκουλα,
|c 1989
|
| 300 |
|
|
|a 390σ.
|
| 490 |
1 |
|
|a Μελέτες Εμπορικού και Ναυτικού Δικαίου
|
| 504 |
|
|
|a Βιβλιογραφία: σ.364-381
|
| 650 |
|
0 |
|a Franchising
|x δικαιο και νομοθεσια
|
| 650 |
|
4 |
|a Εμπορικό δίκαιο
|
| 830 |
|
0 |
|1 00116296
|1 2001
|a Μελέτες Ναυτικού και Εμπορικού Δικαίου : 16
|
| 942 |
|
|
|2 ddc
|
| 952 |
|
|
|0 0
|1 0
|2 ddc
|4 0
|6 346_070260000000000_ΣΟΥ
|7 0
|9 295542
|a LISK
|b LISK
|c BSC
|d 2021-01-17
|e 24
|f 0
|g 0.00
|l 0
|o 346.07026 ΣΟΥ
|p 92410016938
|r 2021-01-17 00:00:00
|t 1
|w 2021-01-17
|y BK15
|x 20031007 0 1
|x GrPaTEI
|
| 971 |
|
|
|a .b26638101
|b 16-04-20
|c 23-09-16
|
| 999 |
|
|
|c 172508
|d 172508
|